| 000 | 00428nam a2200157Ia 4500 | ||
|---|---|---|---|
| 003 | SGT | ||
| 020 | _a9788177587548 | ||
| 082 | _a005,1,KNU | ||
| 100 | _aKNUTH, DONALD E. | ||
| 245 | 4 | _aThe art of computer programming | |
| 260 |
_bPearson _aN.Delhi _c2011 |
||
| 300 | _a762p. | ||
| 490 | _aCOMPUTER SCIENCE | ||
| 653 | _aBASIC CONCEPTS,INFORMATION STRUCTURES,TABLE OF NUMERICAL QUANTITIES,INDEX TO NOTATIONS, | ||
| 942 |
_2ddc _cBK |
||
| 999 |
_c5343 _d5343 |
||